[Event "VIE-chT (Women)"]
[Site "Hanoi"]
[Date "2023.04.19"]
[Round "3"]
[White "Pham, Thanh Truc"]
[Black "Tran, Nguyen My Tien"]
[Result "0-1"]
[WhiteElo "1920"]
[BlackElo "1468"]
[PlyCount "102"]
[EventDate "2023.04.18"]
[EventType "swiss"]
[EventRounds "9"]
[EventCountry "VIE"]
[SourceTitle "EXT 2024"]
[Source "ChessBase"]
[SourceDate "2023.10.10"]
[SourceVersion "1"]
[SourceVersionDate "2023.10.10"]
[SourceQuality "1"]

1. d4 f5 2. Nc3 g6 3. Bf4 Bg7 4. e3 Nf6 5. h4 h6 6. Nf3 0-0 7. Ne5 Kh7 8. g4 d6 9. Nc4 Nxg4 10. Rg1 e5 11. dxe5 dxe5 12. Qxd8 Rxd8 13. Bg3 Be6 14. Be2 Na6 15. Na3 h5 16. Bc4 Bxc4 17. Nxc4 f4 18. exf4 exf4 19. Bxf4 Rd4 20. Ne2 Rxc4 21. c3 Re8 22. f3 Rxf4 23. fxg4 hxg4 24. Rg2 Nc5 25. Kd2 Ne4+ 26. Kc2 Rf2 27. Rxf2 Nxf2 28. Ng1 g3 29. Kd2 Bh6+ 30. Kc2 g2 31. c4 Re4 32. Nf3 Rxc4+ 33. Kb3 Rf4 34. Ng1 Rxh4 35. Re1 Rh1 36. Re2 Rxg1 37. Rxf2 Be3 38. Re2 Bd4 39. Rd2 c5 40. Ka4 g5 41. b4 b6 42. Kb5 Rb1 43. Rxg2 Rxb4+ 44. Kc6 Kg6 45. Kb7 Rb2 46. Rxg5+ Kxg5 47. Ka6 c4 48. a4 c3 49. a5 c2 50. axb6 c1Q 51. b7 Qa1# 0-1